| 000 | 00658nam a2200229Ia 4500 | ||
|---|---|---|---|
| 003 | OSt | ||
| 005 | 20251203100049.0 | ||
| 008 | 210716s1999 xx 000 0 und d | ||
| 020 | _a9781555582227 | ||
| 040 | _cAIMIT LIBRARY | ||
| 041 | _aeng | ||
| 082 |
_a005.762 _bMENJ |
||
| 100 |
_aMena, Jesus. _9247339 |
||
| 245 |
_aData mining your website / _cBy Jesus Mena. |
||
| 250 | _a1st ed. | ||
| 260 |
_aNew Delhi : _bDigital Press , _c1999. |
||
| 300 |
_axiv,368 p.; _bPB _c24.5 cm. |
||
| 650 |
_aNetworks and algorithms _9247340 |
||
| 650 |
_aSteps to mining your data _9247341 |
||
| 650 |
_aData components _9247342 |
||
| 942 |
_2ddc _cBK _e1 _k005.762 MENJ |
||
| 999 |
_c187038 _d187038 |
||